000 00465nam a2200181Ia 4500
008 240925s9999 xx 000 0 und d
020 _a195117778
082 _a629.832 CHE
100 _aChen, Tsong-Chi
245 0 _aLinear System Theory and Design
250 _a3rd
260 _aOxford:
_bOxford University
_c,1999.
300 _a176p.
_bNA
_fOriginal
500 _aIncludes Index
600 _aElectronic Engineering
650 _aTechnology
942 _cBK
999 _c11759
_d11759